00175nam a2200073Ia 4500008004100000082000800041100002000049245003200069240331s9999 xx 000 0 und d bNAR aNarashiman, S.L 0aPenniyam samoogam illakiyam